Finden Sie das geheimnisvolle Land mithilfe von Farbhinweisen – zufäll - Statistiken

Allgemein
  • Dieses Quiz wurde 535 mal gespielt
  • Das Durchschnittsergebnis liegt bei 30 aus 196
Antworten auf der Karte
Die Antworten werden auf der Karte rot bzw. grün angezeigt, abhängig davon wie oft sie richtig erraten wurden.
 
Antwortstatistiken
Country Country % Korrekt
Country Afghanistan
100%
Country Ägypten
100%
Country Algerien
100%
Country Andorra
100%
Country Angola
100%
Country Argentinien
100%
Country Aserbaidschan
100%
Country Äthiopien
100%
Country Australien
100%
Country Bahamas
100%
Country Bahrain
100%
Country Barbados
100%
Country Belarus
100%
Country Belgien
100%
Country Belize
100%
Country Benin
100%
Country Bhutan
100%
Country Botswana
100%
Country Brasilien
100%
Country Brunei
100%
Country Burkina Faso
100%
Country Burundi
100%
Country Chile
100%
Country China
100%
Country Costa Rica
100%
Country Dänemark
100%
Country Demokratische Republik Kongo
100%
Country Deutschland
100%
Country Dominica
100%
Country Dschibuti
100%
Country Ecuador
100%
Country Elfenbeinküste
100%
Country El Salvador
100%
Country Eritrea
100%
Country Eswatini
100%
Country Finnland
100%
Country Frankreich
100%
Country Gambia
100%
Country Georgien
100%
Country Ghana
100%
Country Grenada
100%
Country Guatemala
100%
Country Guinea
100%
Country Guinea-Bissau
100%
Country Guyana
100%
Country Haiti
100%
Country Honduras
100%
Country Indien
100%
Country Indonesien
100%
Country Irak
100%
Country Iran
100%
Country Irland
100%
Country Israel
100%
Country Italien
100%
Country Japan
100%
Country Jordanien
100%
Country Kambodscha
100%
Country Kamerun
100%
Country Kanada
100%
Country Kasachstan
100%
Country Kenia
100%
Country Kirgisistan
100%
Country Kiribati
100%
Country Kolumbien
100%
Country Komoren
100%
Country Kosovo
100%
Country Kroatien
100%
Country Kuwait
100%
Country Laos
100%
Country Lesotho
100%
Country Liberia
100%
Country Liechtenstein
100%
Country Madagaskar
100%
Country Malawi
100%
Country Malaysia
100%
Country Mali
100%
Country Malta
100%
Country Marokko
100%
Country Mauretanien
100%
Country Mauritius
100%
Country Mexiko
100%
Country Monaco
100%
Country Mongolei
100%
Country Montenegro
100%
Country Mosambik
100%
Country Myanmar
100%
Country Mystery Country
100%
Country Namibia
100%
Country Nauru
100%
Country Nepal
100%
Country Nicaragua
100%
Country Niederlande
100%
Country Niger
100%
Country Nigeria
100%
Country Nordkorea
100%
Country Nordmazedonien
100%
Country Oman
100%
Country Österreich
100%
Country Pakistan
100%
Country Palau
100%
Country Panama
100%
Country Paraguay
100%
Country | Country Peru
100%
Country Polen
100%
Country Portugal
100%
Country Republik Kongo
100%
Country Ruanda
100%
Country Rumänien
100%
Country Russland
100%
Country Sambia
100%
Country | Country | Country | Country Samoa
100%
Country San Marino
100%
Country Schweden
100%
Country Schweiz
100%
Country Senegal
100%
Country Serbien
100%
Country Sierra Leone
100%
Country Simbabwe
100%
Country Singapur
100%
Country Slowenien
100%
Country Somalia
100%
Country Spanien
100%
Country Sri Lanka
100%
Country Südafrika
100%
Country Sudan
100%
Country Südkorea
100%
Country Südsudan
100%
Country Suriname
100%
Country Taiwan
100%
Country Tansania
100%
Country Thailand
100%
Country Togo
100%
Country Tonga
100%
Country Tschad
100%
Country Tschechien
100%
Country Tunesien
100%
Country Turkmenistan
100%
Country Tuvalu
100%
Country Uganda
100%
Country Ukraine
100%
Country Ungarn
100%
Country Uruguay
100%
Country Usbekistan
100%
Country Vanuatu
100%
Country Venezuela
100%
Country Vereinigte Staaten
100%
Country Vietnam
100%
Country Zentralafrikanische Republik
100%
Country Zypern
100%
Country Deutschland
86%
Country Russland
86%
Country Deutschland
83%
Country Belarus
80%
Country Deutschland
80%
Country Indonesien
80%
Country Italien
80%
Country Japan
80%
Country Lesotho
80%
Country Portugal
80%
Country Russland
80%
Country Somalia
80%
Country Uganda
80%
Country Vereinigte Staaten
80%
Country Ägypten
75%
Country Andorra
75%
Country Angola
75%
Country Bahamas
75%
Country Bahrain
75%
Country Barbados
75%
Country Belarus
75%
Country Belize
75%
Country Benin
75%
Country Botswana
75%
Country Brunei
75%
Country Bulgarien
75%
Country Burkina Faso
75%
Country Burundi
75%
Country Chile
75%
Country China
75%
Country Costa Rica
75%
Country Demokratische Republik Kongo
75%
Country Deutschland
75%
Country Dominica
75%
Country Ecuador
75%
Country El Salvador
75%
Country Eritrea
75%
Country Eswatini
75%
Country Gambia
75%
Country Ghana
75%
Country Grenada
75%
Country Guatemala
75%
Country Guinea
75%
Country Guinea-Bissau
75%
Country Guyana
75%
Country Haiti
75%
Country Honduras
75%
Country Iran
75%
Country Israel
75%
Country Japan
75%
Country Kenia
75%
Country Kirgisistan
75%
Country Kiribati
75%
Country Kosovo
75%
Country Kuwait
75%
Country Laos
75%
Country Lesotho
75%
Country Lettland
75%
Country Liberia
75%
Country Liechtenstein
75%
Country Madagaskar
75%
Country Malawi
75%
Country Malaysia
75%
Country Mali
75%
Country Malta
75%
Country Mauritius
75%
Country Monaco
75%
Country Mongolei
75%
Country Montenegro
75%
Country Myanmar
75%
Country Mystery Country
75%
Country Namibia
75%
Country Nauru
75%
Country Nicaragua
75%
Country Niger
75%
Country Nigeria
75%
Country Oman
75%
Country Palau
75%
Country Panama
75%
Country Paraguay
75%
Country Peru
75%
Country Polen
75%
Country Portugal
75%
Country Republik Kongo
75%
Country Ruanda
75%
Country Russland
75%
Country Samoa
75%
Country San Marino
75%
Country Senegal
75%
Country Serbien
75%
Country Sierra Leone
75%
Country Somalia
75%
Country Südafrika
75%
Country Sudan
75%
Country Suriname
75%
Country Togo
75%
Country Tonga
75%
Country Turkmenistan
75%
Country Tuvalu
75%
Country Uganda
75%
Country Ukraine
75%
Country Uruguay
75%
Country Usbekistan
75%
Country Vanuatu
75%
Country Venezuela
75%
Country Vietnam
75%
Country Ukraine
71%
Country Afghanistan
67%
Country Algerien
67%
Country Andorra
67%
Country Angola
67%
Country Armenien
67%
Country Bahamas
67%
Country Bahrain
67%
Country Barbados
67%
Country Belarus
67%
Country Belgien
67%
Country Belize
67%
Country Benin
67%
Country Bhutan
67%
Country Botswana
67%
Country Brunei
67%
Country Burkina Faso
67%
Country Burundi
67%
Country China
67%
Country Costa Rica
67%
Country Dänemark
67%
Country Deutschland
67%
Country Dominica
67%
Country Ecuador
67%
Country El Salvador
67%
Country Eritrea
67%
Country Estland
67%
Country Eswatini
67%
Country Frankreich
67%
Country Gambia
67%
Country Georgien
67%
Country Ghana
67%
Country Grenada
67%
Country Guatemala
67%
Country Guinea
67%
Country Guinea-Bissau
67%
Country Guyana
67%
Country Haiti
67%
Country Honduras
67%
Country Indien
67%
Country Irak
67%
Country Iran
67%
Country Irland
67%
Country Island
67%
Country Israel
67%
Country Italien
67%
Country Japan
67%
Country Kosovo
67%
Country Kuba
67%
Country Kuwait
67%
Country Laos
67%
Country Lesotho
67%
Country Lettland
67%
Country Libanon
67%
Country Liberia
67%
Country Liechtenstein
67%
Country Litauen
67%
Country Malawi
67%
Country Malaysia
67%
Country Mali
67%
Country Malta
67%
Country Marokko
67%
Country Mauretanien
67%
Country Mauritius
67%
Country Mexiko
67%
Country Monaco
67%
Country Mongolei
67%
Country Montenegro
67%
Country Myanmar
67%
Country Mystery Country
67%
Country Namibia
67%
Country Nauru
67%
Country Nepal
67%
Country Nicaragua
67%
Country Niederlande
67%
Country Niger
67%
Country Nigeria
67%
Country Norwegen
67%
Country Oman
67%
Country Österreich
67%
Country Pakistan
67%
Country Palau
67%
Country Panama
67%
Country Peru
67%
Country Portugal
67%
Country Rumänien
67%
Country Russland
67%
Country San Marino
67%
Country Saudi-Arabien
67%
Country Schweiz
67%
Country Serbien
67%
Country Sierra Leone
67%
Country Slowakei
67%
Country Slowenien
67%
Country Somalia
67%
Country Spanien
67%
Country Sri Lanka
67%
Country Sudan
67%
Country Suriname
67%
Country Syrien
67%
Country Taiwan
67%
Country Thailand
67%
Country Togo
67%
Country Tonga
67%
Country Tschechien
67%
Country Türkei
67%
Country Turkmenistan
67%
Country Tuvalu
67%
Country Uganda
67%
Country Ukraine
67%
Country Uruguay
67%
Country Vanuatu
67%
Country Venezuela
67%
Country Vereinigte Staaten
67%
Country Afghanistan
60%
Country Andorra
60%
Country Angola
60%
Country Bahamas
60%
Country Bahrain
60%
Country Barbados
60%
Country Belize
60%
Country Benin
60%
Country Bhutan
60%
Country Botswana
60%
Country Brasilien
60%
Country Brunei
60%
Country Burkina Faso
60%
Country Burundi
60%
Country Chile
60%
Country China
60%
Country Costa Rica
60%
Country Deutschland
60%
Country Dominica
60%
Country Ecuador
60%
Country El Salvador
60%
Country Eritrea
60%
Country Eswatini
60%
Country Frankreich
60%
Country Gambia
60%
Country Ghana
60%
Country Grenada
60%
Country Guatemala
60%
Country Guinea
60%
Country Guinea-Bissau
60%
Country Guyana
60%
Country Haiti
60%
Country Honduras
60%
Country Iran
60%
Country Israel
60%
Country Japan
60%
Country Kanada
60%
Country Kasachstan
60%
Country Kenia
60%
Country Kiribati
60%
Country Kosovo
60%
Country Kuwait
60%
Country Laos
60%
Country Lesotho
60%
Country Liberia
60%
Country Liechtenstein
60%
Country Malawi
60%
Country Malaysia
60%
Country Mali
60%
Country Malta
60%
Country Marokko
60%
Country Mauritius
60%
Country Monaco
60%
Country Mongolei
60%
Country Montenegro
60%
Country Myanmar
60%
Country Mystery Country
60%
Country Namibia
60%
Country Nauru
60%
Country Nepal
60%
Country Nicaragua
60%
Country Niger
60%
Country Nigeria
60%
Country Nordkorea
60%
Country Oman
60%
Country Pakistan
60%
Country Palau
60%
Country Panama
60%
Country Paraguay
60%
Country Peru
60%
Country Portugal
60%
Country Russland
60%
Country Samoa
60%
Country San Marino
60%
Country Schweiz
60%
Country Senegal
60%
Country Sierra Leone
60%
Country Somalia
60%
Country Sri Lanka
60%
Country Südafrika
60%
Country Sudan
60%
Country Südkorea
60%
Country Suriname
60%
Country Taiwan
60%
Country Thailand
60%
Country Togo
60%
Country Tonga
60%
Country Tschad
60%
Country Tunesien
60%
Country Turkmenistan
60%
Country Tuvalu
60%
Country Uganda
60%
Country Ukraine
60%
Country Uruguay
60%
Country Vanuatu
60%
Country Venezuela
60%
Country Vereinigte Staaten
60%
Country Vietnam
60%
Country Bulgarien
57%
Country China
57%
Country Vereinigte Staaten
57%
Country Afghanistan
50%
Country Ägypten
50%
Country Albanien
50%
Country Algerien
50%
Country Andorra
50%
Country Angola
50%
Country Äquatorial-Guinea
50%
Country Argentinien
50%
Country Äthiopien
50%
Country Australien
50%
Country Bahamas
50%
Country Bahrain
50%
Country Bangladesch
50%
Country Barbados
50%
Country Belarus
50%
Country Belgien
50%
Country Belize
50%
Country Benin
50%
Country Bhutan
50%
Country | Country Bolivien
50%
Country Bosnien und Herzegowina
50%
Country Botswana
50%
Country Brasilien
50%
Country Brunei
50%
Country Burkina Faso
50%
Country Burundi
50%
Country Chile
50%
Country China
50%
Country Costa Rica
50%
Country Dänemark
50%
Country Deutschland
50%
Country Dominica
50%
Country Dominikanische Republik
50%
Country Ecuador
50%
Country El Salvador
50%
Country Eritrea
50%
Country Estland
50%
Country Eswatini
50%
Country Fidschi
50%
Country Finnland
50%
Country Föderierte Staaten von Mikronesien
50%
Country Frankreich
50%
Country Gabun
50%
Country Gambia
50%
Country Georgien
50%
Country Ghana
50%
Country Grenada
50%
Country Griechenland
50%
Country Guatemala
50%
Country Guinea
50%
Country Guinea-Bissau
50%
Country Guyana
50%
Country Haiti
50%
Country Honduras
50%
Country Indien
50%
Country Indonesien
50%
Country Irak
50%
Country Iran
50%
Country Island
50%
Country Israel
50%
Country Italien
50%
Country Jamaika
50%
Country Japan
50%
Country Jemen
50%
Country Kambodscha
50%
Country Kanada
50%
Country Kasachstan
50%
Country Kenia
50%
Country Kirgisistan
50%
Country Kiribati
50%
Country Kolumbien
50%
Country Kosovo
50%
Country Kroatien
50%
Country Kuwait
50%
Country Laos
50%
Country Lesotho
50%
Country Lettland
50%
Country Libanon
50%
Country Liberia
50%
Country Libyen
50%
Country Liechtenstein
50%
Country Litauen
50%
Country Luxemburg
50%
Country Malawi
50%
Country Malaysia
50%
Country Malediven
50%
Country Mali
50%
Country Malta
50%
Country Marokko
50%
Country Mauritius
50%
Country Mexiko
50%
Country Moldawien
50%
Country Monaco
50%
Country Mongolei
50%
Country Montenegro
50%
Country Mosambik
50%
Country Myanmar
50%
Country Mystery Country
50%
Country Namibia
50%
Country Nauru
50%
Country Nepal
50%
Country Neuseeland
50%
Country Nicaragua
50%
Country Niederlande
50%
Country | Country Niger
50%
Country Nigeria
50%
Country Nordkorea
50%
Country Nordmazedonien
50%
Country Norwegen
50%
Country Oman
50%
Country Österreich
50%
Country Osttimor
50%
Country Pakistan
50%
Country Palau
50%
Country Panama
50%
Country Papua-Neuguinea
50%
Country Paraguay
50%
Country Peru
50%
Country Philippinen
50%
Country Polen
50%
Country Portugal
50%
Country Rumänien
50%
Country Russland
50%
Country Salomonen
50%
Country Sambia
50%
Country Samoa
50%
Country San Marino
50%
Country Saudi-Arabien
50%
Country Schweden
50%
Country Schweiz
50%
Country Senegal
50%
Country Serbien
50%
Country Sierra Leone
50%
Country Simbabwe
50%
Country Singapur
50%
Country Slowakei
50%
Country Slowenien
50%
Country Somalia
50%
Country Spanien
50%
Country Sri Lanka
50%
Country Südafrika
50%
Country Sudan
50%
Country Südkorea
50%
Country Südsudan
50%
Country Suriname
50%
Country Syrien
50%
Country Tadschikistan
50%
Country Taiwan
50%
Country Tansania
50%
Country Thailand
50%
Country Togo
50%
Country Tonga
50%
Country Trinidad und Tobago
50%
Country Tschad
50%
Country Tschechien
50%
Country Tunesien
50%
Country Türkei
50%
Country Turkmenistan
50%
Country Tuvalu
50%
Country Uganda
50%
Country Ukraine
50%
Country Ungarn
50%
Country Uruguay
50%
Country Usbekistan
50%
Country Vanuatu
50%
Country Vatikanstadt
50%
Country Venezuela
50%
Country Vereinigte Arabische Emirate
50%
Country Vereinigtes Königreich
50%
Country Vereinigte Staaten
50%
Country Vietnam
50%
Country Zentralafrikanische Republik
50%
Country Iran
43%
Country Japan
43%
Country Laos
43%
Country Montenegro
43%
Country Polen
43%
Country Rumänien
43%
Country Ungarn
43%
Country Afghanistan
40%
Country Ägypten
40%
Country Andorra
40%
Country Argentinien
40%
Country Australien
40%
Country Bahamas
40%
Country Bahrain
40%
Country Barbados
40%
Country Belarus
40%
Country Belize
40%
Country Benin
40%
Country Bhutan
40%
Country Brasilien
40%
Country Brunei
40%
Country Burkina Faso
40%
Country Burundi
40%
Country Chile
40%
Country Costa Rica
40%
Country Demokratische Republik Kongo
40%
Country Deutschland
40%
Country Dominica
40%
Country Ecuador
40%
Country El Salvador
40%
Country Eritrea
40%
Country Eswatini
40%
Country Fidschi
40%
Country Gabun
40%
Country Gambia
40%
Country Ghana
40%
Country Grenada
40%
Country Guatemala
40%
Country Guinea
40%
Country Guinea-Bissau
40%
Country Guyana
40%
Country Haiti
40%
Country Honduras
40%
Country Indien
40%
Country Iran
40%
Country Israel
40%
Country Italien
40%
Country Japan
40%
Country Kanada
40%
Country Kasachstan
40%
Country Kiribati
40%
Country Kosovo
40%
Country Laos
40%
Country Libyen
40%
Country Liechtenstein
40%
Country Madagaskar
40%
Country Malaysia
40%
Country Mali
40%
Country Malta
40%
Country Marokko
40%
Country Mauretanien
40%
Country Mauritius
40%
Country Mexiko
40%
Country Monaco
40%
Country Mongolei
40%
Country Montenegro
40%
Country Mosambik
40%
Country Myanmar
40%
Country Mystery Country
40%
Country Nauru
40%
Country Nepal
40%
Country Nicaragua
40%
Country Niger
40%
Country Nigeria
40%
Country Pakistan
40%
Country Palau
40%
Country Panama
40%
Country Paraguay
40%
Country Peru
40%
Country Portugal
40%
Country Republik Kongo
40%
Country Ruanda
40%
Country Russland
40%
Country Sambia
40%
Country Samoa
40%
Country San Marino
40%
Country Saudi-Arabien
40%
Country Senegal
40%
Country Sierra Leone
40%
Country Simbabwe
40%
Country Slowenien
40%
Country Sri Lanka
40%
Country Sudan
40%
Country Suriname
40%
Country Taiwan
40%
Country Tansania
40%
Country Thailand
40%
Country Togo
40%
Country Tonga
40%
Country Tschad
40%
Country Türkei
40%
Country Turkmenistan
40%
Country Tuvalu
40%
Country Ukraine
40%
Country Uruguay
40%
Country Vanuatu
40%
Country Venezuela
40%
Country Vereinigtes Königreich
40%
Country Vereinigte Staaten
40%
Country Vietnam
40%
Country Afghanistan
33%
Country Ägypten
33%
Country Albanien
33%
Country Algerien
33%
Country Andorra
33%
Country Angola
33%
Country Argentinien
33%
Country Aserbaidschan
33%
Country Australien
33%
Country Bahamas
33%
Country Bahrain
33%
Country Barbados
33%
Country Belarus
33%
Country Belgien
33%
Country Belize
33%
Country Benin
33%
Country Bhutan
33%
Country Bolivien
33%
Country Bosnien und Herzegowina
33%
Country Botswana
33%
Country Brasilien
33%
Country Brunei
33%
Country Burkina Faso
33%
Country Burundi
33%
Country | Country Chile
33%
Country China
33%
Country Costa Rica
33%
Country Dänemark
33%
Country Demokratische Republik Kongo
33%
Country Dominica
33%
Country Ecuador
33%
Country Elfenbeinküste
33%
Country El Salvador
33%
Country Eritrea
33%
Country Eswatini
33%
Country Finnland
33%
Country Frankreich
33%
Country Gambia
33%
Country Ghana
33%
Country Grenada
33%
Country Griechenland
33%
Country Guatemala
33%
Country Guinea
33%
Country Guinea-Bissau
33%
Country Guyana
33%
Country Haiti
33%
Country Honduras
33%
Country Indien
33%
Country Irak
33%
Country Iran
33%
Country Irland
33%
Country Island
33%
Country Israel
33%
Country Italien
33%
Country Jamaika
33%
Country Japan
33%
Country Jemen
33%
Country Jordanien
33%
Country Kanada
33%
Country Kasachstan
33%
Country Katar
33%
Country Kirgisistan
33%
Country Kiribati
33%
Country Kolumbien
33%
Country Kosovo
33%
Country Kroatien
33%
Country Kuwait
33%
Country Laos
33%
Country Lesotho
33%
Country Lettland
33%
Country Libanon
33%
Country Liberia
33%
Country Libyen
33%
Country Liechtenstein
33%
Country Litauen
33%
Country Luxemburg
33%
Country Malawi
33%
Country Malaysia
33%
Country Mali
33%
Country Malta
33%
Country Marokko
33%
Country Mauritius
33%
Country Mexiko
33%
Country Moldawien
33%
Country Monaco
33%
Country Mongolei
33%
Country Montenegro
33%
Country Myanmar
33%
Country Mystery Country
33%
Country Namibia
33%
Country Nauru
33%
Country Nepal
33%
Country Nicaragua
33%
Country Niederlande
33%
Country Niger
33%
Country Nigeria
33%
Country Norwegen
33%
Country Oman
33%
Country Österreich
33%
Country Pakistan
33%
Country Palau
33%
Country Panama
33%
Country Paraguay
33%
Country Peru
33%
Country Polen
33%
Country Portugal
33%
Country Republik Kongo
33%
Country Russland
33%
Country | Country Samoa
33%
Country San Marino
33%
Country Saudi-Arabien
33%
Country Schweden
33%
Country Schweiz
33%
Country Senegal
33%
Country Serbien
33%
Country Sierra Leone
33%
Country Somalia
33%
Country Spanien
33%
Country Sri Lanka
33%
Country Südafrika
33%
Country Sudan
33%
Country Suriname
33%
Country Syrien
33%
Country Tadschikistan
33%
Country Taiwan
33%
Country Thailand
33%
Country Togo
33%
Country Tonga
33%
Country Trinidad und Tobago
33%
Country Tschechien
33%
Country Tunesien
33%
Country Türkei
33%
Country Turkmenistan
33%
Country Tuvalu
33%
Country Uganda
33%
Country Ukraine
33%
Country Ungarn
33%
Country Uruguay
33%
Country Usbekistan
33%
Country Vanuatu
33%
Country Vatikanstadt
33%
Country Venezuela
33%
Country Vereinigte Arabische Emirate
33%
Country Vereinigtes Königreich
33%
Country Vereinigte Staaten
33%
Country Vietnam
33%
Country Zypern
33%
Country Afghanistan
29%
Country Ägypten
29%
Country Andorra
29%
Country Angola
29%
Country Bahamas
29%
Country Bahrain
29%
Country Barbados
29%
Country Belize
29%
Country Benin
29%
Country Bhutan
29%
Country Botswana
29%
Country Brunei
29%
Country Burkina Faso
29%
Country Burundi
29%
Country Chile
29%
Country Costa Rica
29%
Country Dominica
29%
Country Ecuador
29%
Country El Salvador
29%
Country Eritrea
29%
Country Estland
29%
Country Eswatini
29%
Country Gambia
29%
Country Ghana
29%
Country Grenada
29%
Country Griechenland
29%
Country Guatemala
29%
Country Guinea
29%
Country Guinea-Bissau
29%
Country Guyana
29%
Country Haiti
29%
Country Honduras
29%
Country Israel
29%
Country Kiribati
29%
Country Kosovo
29%
Country Kuwait
29%
Country Lesotho
29%
Country Liberia
29%
Country Liechtenstein
29%
Country Malawi
29%
Country Malaysia
29%
Country Mali
29%
Country Malta
29%
Country Mauritius
29%
Country Monaco
29%
Country Myanmar
29%
Country Mystery Country
29%
Country Namibia
29%
Country Nauru
29%
Country Nepal
29%
Country Nicaragua
29%
Country Niger
29%
Country Nigeria
29%
Country Oman
29%
Country Pakistan
29%
Country Palau
29%
Country Panama
29%
Country Paraguay
29%
Country Peru
29%
Country Portugal
29%
Country Samoa
29%
Country San Marino
29%
Country Senegal
29%
Country Sierra Leone
29%
Country Slowakei
29%
Country Somalia
29%
Country Sri Lanka
29%
Country Sudan
29%
Country Suriname
29%
Country Taiwan
29%
Country Thailand
29%
Country Togo
29%
Country Tonga
29%
Country Tschechien
29%
Country Turkmenistan
29%
Country Tuvalu
29%
Country Uganda
29%
Country Uruguay
29%
Country Vanuatu
29%
Country Venezuela
29%
Country Vietnam
29%
Country Afghanistan
25%
Country Ägypten
25%
Country Albanien
25%
Country Algerien
25%
Country Aserbaidschan
25%
Country Äthiopien
25%
Country Bahamas
25%
Country Belarus
25%
Country Belgien
25%
Country Belize
25%
Country Bhutan
25%
Country Bolivien
25%
Country Bosnien und Herzegowina
25%
Country Botswana
25%
Country Brasilien
25%
Country Burundi
25%
Country Chile
25%
Country Costa Rica
25%
Country Dänemark
25%
Country Demokratische Republik Kongo
25%
Country Deutschland
25%
Country El Salvador
25%
Country Eritrea
25%
Country Estland
25%
Country Eswatini
25%
Country Föderierte Staaten von Mikronesien
25%
Country Frankreich
25%
Country Gambia
25%
Country Georgien
25%
Country Griechenland
25%
Country Guatemala
25%
Country Honduras
25%
Country Indonesien
25%
Country Irak
25%
Country Iran
25%
Country Irland
25%
Country Island
25%
Country Israel
25%
Country Italien
25%
Country Jamaika
25%
Country Jemen
25%
Country Kasachstan
25%
Country Kirgisistan
25%
Country Kosovo
25%
Country Kuba
25%
Country Libanon
25%
Country Litauen
25%
Country Malawi
25%
Country Malaysia
25%
Country Malediven
25%
Country Malta
25%
Country Marokko
25%
Country Mauretanien
25%
Country Mauritius
25%
Country Mexiko
25%
Country Mongolei
25%
Country Namibia
25%
Country Nepal
25%
Country Neuseeland
25%
Country Nicaragua
25%
Country Niger
25%
Country Nigeria
25%
Country Nordkorea
25%
Country Nordmazedonien
25%
Country Norwegen
25%
Country Oman
25%
Country Österreich
25%
Country Pakistan
25%
Country Palau
25%
Country Panama
25%
Country Papua-Neuguinea
25%
Country Polen
25%
Country Republik Kongo
25%
Country Russland
25%
Country Saudi-Arabien
25%
Country Schweden
25%
Country Schweiz
25%
Country Serbien
25%
Country Seychellen
25%
Country Simbabwe
25%
Country Slowenien
25%
Country Somalia
25%
Country Spanien
25%
Country Sri Lanka
25%
Country St. Vincent und die Grenadinen
25%
Country Südafrika
25%
Country Sudan
25%
Country Südkorea
25%
Country Südsudan
25%
Country Suriname
25%
Country Syrien
25%
Country Thailand
25%
Country Tschad
25%
Country Tschechien
25%
Country Türkei
25%
Country Tuvalu
25%
Country Uganda
25%
Country Ukraine
25%
Country Usbekistan
25%
Country Vereinigtes Königreich
25%
Country Vereinigte Staaten
25%
Country Vietnam
25%
Country Zypern
25%
Country Afghanistan
20%
Country Ägypten
20%
Country Algerien
20%
Country Angola
20%
Country Äquatorial-Guinea
20%
Country Argentinien
20%
Country Äthiopien
20%
Country Australien
20%
Country Bahamas
20%
Country Bahrain
20%
Country Bangladesch
20%
Country Barbados
20%
Country Belgien
20%
Country Benin
20%
Country Bhutan
20%
Country Bolivien
20%
Country Botswana
20%
Country Brasilien
20%
Country Brunei
20%
Country Burkina Faso
20%
Country Burundi
20%
Country Chile
20%
Country Costa Rica
20%
Country Dänemark
20%
Country Demokratische Republik Kongo
20%
Country Dominica
20%
Country | Country Ecuador
20%
Country El Salvador
20%
Country Eritrea
20%
Country Estland
20%
Country Eswatini
20%
Country Finnland
20%
Country Föderierte Staaten von Mikronesien
20%
Country Frankreich
20%
Country Gabun
20%
Country Gambia
20%
Country Georgien
20%
Country Ghana
20%
Country Grenada
20%
Country Griechenland
20%
Country Guatemala
20%
Country Guinea
20%
Country Guinea-Bissau
20%
Country Guyana
20%
Country Haiti
20%
Country Honduras
20%
Country Indonesien
20%
Country Irak
20%
Country Iran
20%
Country Island
20%
Country Israel
20%
Country Italien
20%
Country Jemen
20%
Country Jordanien
20%
Country Kambodscha
20%
Country Kamerun
20%
Country Kanada
20%
Country Kasachstan
20%
Country Kirgisistan
20%
Country Kiribati
20%
Country Kolumbien
20%
Country Kosovo
20%
Country Kuwait
20%
Country Laos
20%
Country Lesotho
20%
Country Lettland
20%
Country Liberia
20%
Country Liechtenstein
20%
Country Litauen
20%
Country Luxemburg
20%
Country Madagaskar
20%
Country Malawi
20%
Country Malaysia
20%
Country Malediven
20%
Country Mali
20%
Country Malta
20%
Country Marshallinseln
20%
Country Mauritius
20%
Country Mexiko
20%
Country Monaco
20%
Country Montenegro
20%
Country Mosambik
20%
Country Myanmar
20%
Country Mystery Country
20%
Country Namibia
20%
Country Nauru
20%
Country Nepal
20%
Country Neuseeland
20%
Country Niederlande
20%
Country Niger
20%
Country Nigeria
20%
Country Nordkorea
20%
Country Norwegen
20%
Country Oman
20%
Country Österreich
20%
Country Osttimor
20%
Country Pakistan
20%
Country Palau
20%
Country Panama
20%
Country Papua-Neuguinea
20%
Country Paraguay
20%
Country Peru
20%
Country Philippinen
20%
Country Polen
20%
Country Republik Kongo
20%
Country Rumänien
20%
Country Russland
20%
Country Sambia
20%
Country Samoa
20%
Country San Marino
20%
Country São Tomé und Príncipe
20%
Country Saudi-Arabien
20%
Country Schweden
20%
Country Schweiz
20%
Country Senegal
20%
Country Sierra Leone
20%
Country | Country Singapur
20%
Country Slowakei
20%
Country Slowenien
20%
Country Somalia
20%
Country Spanien
20%
Country Sri Lanka
20%
Country Südafrika
20%
Country Sudan
20%
Country Südsudan
20%
Country Suriname
20%
Country Syrien
20%
Country Taiwan
20%
Country Thailand
20%
Country Togo
20%
Country Tonga
20%
Country Tschad
20%
Country Tschechien
20%
Country Turkmenistan
20%
Country Tuvalu
20%
Country Uganda
20%
Country Ukraine
20%
Country Uruguay
20%
Country Usbekistan
20%
Country Vanuatu
20%
Country Venezuela
20%
Country Vereinigtes Königreich
20%
Country Vereinigte Staaten
20%
Country Vietnam
20%
Country Zentralafrikanische Republik
20%
Country Armenien
17%
Country Belgien
17%
Country Dänemark
17%
Country Estland
17%
Country Griechenland
17%
Country Indien
17%
Country Irland
17%
Country Island
17%
Country Italien
17%
Country Jamaika
17%
Country Kolumbien
17%
Country Lettland
17%
Country Luxemburg
17%
Country Mongolei
17%
Country Niederlande
17%
Country Nordkorea
17%
Country Schweden
17%
Country Slowakei
17%
Country Südkorea
17%
Country Türkei
17%
Country Bosnien und Herzegowina
14%
Country Brasilien
14%
Country Dänemark
14%
Country Demokratische Republik Kongo
14%
Country Finnland
14%
Country Frankreich
14%
Country Indien
14%
Country Island
14%
Country Italien
14%
Country Kasachstan
14%
Country Kroatien
14%
Country Lettland
14%
Country Litauen
14%
Country Moldawien
14%
Country Österreich
14%
Country Republik Kongo
14%
Country Schweden
14%
Country Schweiz
14%
Country Serbien
14%
Country Slowenien
14%
Country Spanien
14%
Country Türkei
14%
Country Usbekistan
14%
Country Zentralafrikanische Republik
14%
Country Afghanistan
0%
Country Ägypten
0%
Country Albanien
0%
Country Algerien
0%
Country Andorra
0%
Country Angola
0%
Country Antigua und Barbuda
0%
Country Äquatorial-Guinea
0%
Country Argentinien
0%
Country Armenien
0%
Country Aserbaidschan
0%
Country Äthiopien
0%
Country Australien
0%
Country Bahamas
0%
Country Bahrain
0%
Country Bangladesch
0%
Country Barbados
0%
Country Belarus
0%
Country Belgien
0%
Country | Country Belize
0%
Country Benin
0%
Country Bhutan
0%
Country Bolivien
0%
Country Bosnien und Herzegowina
0%
Country Botswana
0%
Country Brasilien
0%
Country Brunei
0%
Country Bulgarien
0%
Country Burkina Faso
0%
Country Burundi
0%
Country Chile
0%
Country China
0%
Country Costa Rica
0%
Country Dänemark
0%
Country Demokratische Republik Kongo
0%
Country Deutschland
0%
Country Dominica
0%
Country Dominikanische Republik
0%
Country Dschibuti
0%
Country Ecuador
0%
Country Elfenbeinküste
0%
Country El Salvador
0%
Country Eritrea
0%
Country Estland
0%
Country Eswatini
0%
Country Fidschi
0%
Country Finnland
0%
Country Föderierte Staaten von Mikronesien
0%
Country Frankreich
0%
Country Gabun
0%
Country Gambia
0%
Country Georgien
0%
Country Ghana
0%
Country Grenada
0%
Country Griechenland
0%
Country Guatemala
0%
Country Guinea
0%
Country | Country Guinea-Bissau
0%
Country Guyana
0%
Country Haiti
0%
Country Honduras
0%
Country Indien
0%
Country Indonesien
0%
Country Irak
0%
Country Iran
0%
Country Irland
0%
Country Island
0%
Country Israel
0%
Country Italien
0%
Country Jamaika
0%
Country Japan
0%
Country Jemen
0%
Country Jordanien
0%
Country | Country Kambodscha
0%
Country Kamerun
0%
Country Kanada
0%
Country Kap Verde
0%
Country Kasachstan
0%
Country Katar
0%
Country Kenia
0%
Country Kirgisistan
0%
Country Kiribati
0%
Country Kolumbien
0%
Country Komoren
0%
Country Kosovo
0%
Country Kroatien
0%
Country Kuba
0%
Country Kuwait
0%
Country Laos
0%
Country | Country Lesotho
0%
Country Lettland
0%
Country Libanon
0%
Country Liberia
0%
Country Libyen
0%
Country Liechtenstein
0%
Country Litauen
0%
Country Luxemburg
0%
Country Madagaskar
0%
Country Malawi
0%
Country Malaysia
0%
Country Malediven
0%
Country Mali
0%
Country Malta
0%
Country Marokko
0%
Country Marshallinseln
0%
Country Mauretanien
0%
Country Mauritius
0%
Country Mexiko
0%
Country Moldawien
0%
Country Monaco
0%
Country Mongolei
0%
Country Montenegro
0%
Country Mosambik
0%
Country Myanmar
0%
Country Mystery Country
0%
Country Namibia
0%
Country | Country Nauru
0%
Country Nepal
0%
Country | Country | Country | +9 others Neuseeland
0%
Country Nicaragua
0%
Country Niederlande
0%
Country Niger
0%
Country Nigeria
0%
Country Nordkorea
0%
Country Nordmazedonien
0%
Country Norwegen
0%
Country Oman
0%
Country Österreich
0%
Country | Country | Country | Country Osttimor
0%
Country Pakistan
0%
Country Palau
0%
Country | Country Panama
0%
Country Papua-Neuguinea
0%
Country Paraguay
0%
Country Peru
0%
Country Philippinen
0%
Country Polen
0%
Country Portugal
0%
Country Republik Kongo
0%
Country Ruanda
0%
Country Rumänien
0%
Country Russland
0%
Country Salomonen
0%
Country Sambia
0%
Country | Country | Country | +4 others Samoa
0%
Country San Marino
0%
Country | Country São Tomé und Príncipe
0%
Country Saudi-Arabien
0%
Country Schweden
0%
Country Schweiz
0%
Country Senegal
0%
Country Serbien
0%
Country Seychellen
0%
Country Sierra Leone
0%
Country Simbabwe
0%
Country | Country | Country Singapur
0%
Country Slowakei
0%
Country Slowenien
0%
Country Somalia
0%
Country Spanien
0%
Country Sri Lanka
0%
Country St. Kitts und Nevis
0%
Country St. Lucia
0%
Country St. Vincent und die Grenadinen
0%
Country Südafrika
0%
Country Sudan
0%
Country | Country Südkorea
0%
Country Südsudan
0%
Country | Country Suriname
0%
Country Syrien
0%
Country Tadschikistan
0%
Country Taiwan
0%
Country Tansania
0%
Country Thailand
0%
Country Togo
0%
Country | Country Tonga
0%
Country Trinidad und Tobago
0%
Country Tschad
0%
Country Tschechien
0%
Country Tunesien
0%
Country Türkei
0%
Country Turkmenistan
0%
Country | Country | Country Tuvalu
0%
Country Uganda
0%
Country Ukraine
0%
Country Ungarn
0%
Country | Country Uruguay
0%
Country Usbekistan
0%
Country Vanuatu
0%
Country Vatikanstadt
0%
Country Venezuela
0%
Country Vereinigte Arabische Emirate
0%
Country Vereinigtes Königreich
0%
Country Vereinigte Staaten
0%
Country Vietnam
0%
Country Zentralafrikanische Republik
0%
Country Zypern
0%
Keine übereinstimmenden Quizze gefunden
Verteilung der Resultate
Anzahl Personen mit jedem Resultat
Perzentil nach korrekt beantworteten Fragen
Ihre Resultats-Entwicklung
Sie haben dieses Quiz noch nicht gespielt